Knowledge management in practice : (Record no. 32065)

MARC details
000 -LEADER
fixed length control field 01344cam a2200313 a 4500
005 - DATE AND TIME OF LATEST TRANSACTION
control field 20090828093419.0
008 - FIXED-LENGTH DATA ELEMENTS--GENERAL INFORMATION
fixed length control field 071213s2008 njua b 001 0 eng
010 ## - LCCN (DPL NO)
LC control number ENG-95561
020 ## - INTERNATIONAL STANDARD BOOK NUMBER
International Standard Book Number 9788170005421
Terms of availability 1695.00
020 ## - INTERNATIONAL STANDARD BOOK NUMBER
International Standard Book Number 8170005426
Terms of availability 1695.00
035 ## - SYSTEM CONTROL NUMBER
System control number EN-79094
037 ## - SOURCE OF ACQUISITION
Stock number DBAD/PUB
040 ## - CATALOGING SOURCE
Original cataloging agency DPL
082 ## - DEWEY DECIMAL CLASSIFICATION NUMBER
Classification number 658.4038
Edition number 22
245 ## - TITLE STATEMENT
Title Knowledge management in practice :
Remainder of title connections and context /
Statement of responsibility, etc edited by T. Kanti Srikantaiah and Michael E.D. Koenig.
260 ## - PUBLICATION, DISTRIBUTION, ETC. (IMPRINT)
Place of publication, distribution, etc New Delhi
Name of publisher, distributor, etc Ess Ess Publications
Date of publication, distribution, etc 2008
300 ## - PHYSICAL DESCRIPTION
Extent xxii, 519 p. :
Other physical details ill. ;
Dimensions 26 cm.
440 ## - SERIES STATEMENT/ADDED ENTRY--TITLE
Title ASIST monograph series
500 ## - GENERAL NOTE
General note "Published on behalf of the American Society for Information Science and Technology."
504 ## - BIBLIOGRAPHY, ETC. NOTE
Bibliography, etc Includes bibliographical references and index.
650 ## - SUBJECT ADDED ENTRY--TOPICAL TERM
Topical term or geographic name as entry element Knowledge management.
700 ## - ADDED ENTRY--PERSONAL NAME
Personal name Srikantaiah, Taverekere.
700 ## - ADDED ENTRY--PERSONAL NAME
Personal name Koenig, Michael E. D.
710 ## - ADDED ENTRY--CORPORATE NAME
Corporate name or jurisdiction name as entry element American Society for Information Science and Technology.
856 ## - ELECTRONIC LOCATION AND ACCESS
Materials specified Table of contents only
Uniform Resource Identifier <a href="http://www.loc.gov/catdir/toc/ecip086/2007050338.html">http://www.loc.gov/catdir/toc/ecip086/2007050338.html</a>
942 ## - ADDED ENTRY ELEMENTS (KOHA)
Source of classification or shelving scheme Dewey Decimal Classification
Item type English Books
Call number suffix KNO
Holdings
Withdrawn status Lost status Source of classification or shelving scheme Damaged status Not for loan Collection code Home library Current library Date acquired Source of acquisition Cost, normal purchase price Total Checkouts Full call number Barcode Date last seen Copy number Cost, replacement price Koha item type
    Dewey Decimal Classification   Not For Loan Non-fiction D.B.Act.Division D.B.Act.Division 23/11/2009 DBAD / PUB 1695.00   KNO EN-79094 23/11/2009 1 1695.00 English Books

© Delhi Public Library
Hit Counter
free hit counter